Reliability theory and practice

Gespeichert in:
Bibliographische Detailangaben
1. Verfasser: Bazovsky, Igor
Format: Buch
Sprache:Undetermined
Veröffentlicht: Englewood Cliffs Prentice-Hall 1961
Schlagworte:
Tags: Tag hinzufügen
Keine Tags, Fügen Sie den ersten Tag hinzu!
Thư viện lưu trữ: Trung tâm Học liệu Trường Đại học Cần Thơ
LEADER 00464nam a2200169Ia 4500
001 CTU_78152
008 210402s9999 xx 000 0 und d
082 |a 620.00452 
082 |b B364 
100 |a Bazovsky, Igor 
245 0 |a Reliability theory and practice 
245 0 |c Igor Bazovsky 
260 |a Englewood Cliffs 
260 |b Prentice-Hall 
260 |c 1961 
650 |a Reliability engineering 
980 |a Trung tâm Học liệu Trường Đại học Cần Thơ